Minecraft mobs real or fake? Sudden Death! - Statistics

General Stats
  • This quiz has been taken 987 times
    220 since last reset
  • The average score is 14 of 17
Answers on the Grid
Answers color-coded by a green-red scale on the quiz's grid according to % correct below.
Panda
Monkey
Guardian
Barbarian
Redstone Golem
Creeper
Slime
Deer
Donkey
Dolphin
Gnome
Warden
Wizard
Witch
Sheep
Zombie
Alpaca
Sniffer
Nether Dragon
Ravager
Ghost
Skeleton Horse
Bronze Golem
Crab
Snow Golem
Rabbit
Brown Bear
Earthworm
Parrot
Tadpole
 
Answer Stats
Answer % Correct
Panda
99%
Creeper
88%
Dolphin
87%
Slime
87%
Guardian
85%
Sheep
83%
Warden
83%
Zombie
82%
Donkey
80%
Witch
80%
Sniffer
79%
Parrot
74%
Rabbit
74%
Ravager
70%
Skeleton Horse
69%
Snow Golem
68%
Tadpole
65%
No matching quizzes found
Score Distribution
Percent of People with Each Score
Percentile by Number Answered
Your Score History
You have not taken this quiz since the last reset